Library Banner

پاکستان (Record no. 84103)

MARC details
000 -LEADER
fixed length control field 00433nam a22001457a 4500
005 - DATE AND TIME OF LATEST TRANSACTION
control field 20160314103250.0
008 - FIXED-LENGTH DATA ELEMENTS--GENERAL INFORMATION
fixed length control field 160314b xxu||||| |||| 00| 0 eng d
040 ## - CATALOGING SOURCE
Transcribing agency PK-LaUMT
082 ## - DEWEY DECIMAL CLASSIFICATION NUMBER
Classification number MMC 954.91
Item number MEH-P
100 ## - MAIN ENTRY--PERSONAL NAME
Personal name محمود مرزا
245 ## - TITLE STATEMENT
Title پاکستان
Remainder of title مسائل اور انکا پس منظر
Statement of responsibility, etc محمود مرزا
260 ## - PUBLICATION, DISTRIBUTION, ETC. (IMPRINT)
Place of publication, distribution, etc لاہور
Name of publisher, distributor, etc پروگریسو پبلشرز
Date of publication, distribution, etc 1990
300 ## - PHYSICAL DESCRIPTION
Extent 134 ص
942 ## - ADDED ENTRY ELEMENTS (KOHA)
Koha item type Books
Holdings
Withdrawn status Lost status Damaged status Home library Current library Date acquired Full call number Barcode Date last seen Price effective from Koha item type
      UMT Main Campus UMT Main Campus 2016-03-14 MMC 954.91 MEH-P 95938 2016-03-14 2016-03-14 Books